00483nam a2200193 a 4500001001300000003000900013005001700022008004100039020001000080082001600090100001800106245004100124260003100165300000800196500003500204505001100239650002100250700001800271nice12345678IN_TiNIC20260116011647.0050524s0000 laha grp 000 0 eng  ac10000a297.8bBAS1 aBasheer, Agha aKhaksaar Movementb Saga of the Sage aLahorebBabul Ishaatc0000 a32p aincludes index and biblioraphy2 aThesis aKhaksar Movement1 aBasheer, Agha